书目信息 |
| 题名: |
飞行安全时空大数据理论与实践
|
|
| 作者: | 黄荣顺 著 | |
| 分册: | ||
| 出版信息: | 北京 科学出版社 2022.10 |
|
| 页数: | 10,228页 | |
| 开本: | 24cm | |
| 丛书名: | ||
| 单 册: | ||
| 中图分类: | V328 | |
| 科图分类: | ||
| 主题词: | 飞行安全--数据处理--研究 | |
| 电子资源: | ||
| ISBN: | 978-7-03-073133-3 | |
| 000 | 00968nam0 2200241 450 | |
| 001 | 012040851 | |
| 005 | 20251023085650.08 | |
| 010 | @a978-7-03-073133-3@b精装@dCNY168.00 | |
| 100 | @a20221107d2022 em y0chiy0120 ea | |
| 101 | 0 | @achi |
| 102 | @aCN@b110000 | |
| 105 | @aab z 000yy | |
| 106 | @ar | |
| 200 | 1 | @a飞行安全时空大数据理论与实践@9fei xing an quan shi kong da shu ju li lun yu shi jian@f黄荣顺[等]著 |
| 210 | @a北京@c科学出版社@d2022.10 | |
| 215 | @a10,228页@c图,地图@d24cm | |
| 304 | @a著者还有:孙华波、卢宾宾、苗凌云 | |
| 330 | @a本书共7章:第1章为绪论;第2章为飞行数据采集的基础,介绍了飞行数据的记录装置及原理;第3章为飞行安全时空大数据理论;第4-6章为时空大数据理论在飞行安全领域的应用研究,重点阐述了空中颠簸和不稳定进近事件的时空分析;第7章为综合飞行风险分析。 | |
| 606 | 0 | @a飞行安全@x数据处理@x研究 |
| 690 | @aV328@v5 | |
| 701 | 0 | @a黄荣顺@9huang rong shun@4著 |
| 801 | 0 | @aCN@c20250912 |
| 905 | @a河南城建学院图书馆@dV328@eH876@ZH876@f3 | |
| 飞行安全时空大数据理论与实践/黄荣顺[等]著.-北京:科学出版社,2022.10 |
| 10,228页:图,地图;24cm |
| ISBN 978-7-03-073133-3(精装):CNY168.00 |
| 本书共7章:第1章为绪论;第2章为飞行数据采集的基础,介绍了飞行数据的记录装置及原理;第3章为飞行安全时空大数据理论;第4-6章为时空大数据理论在飞行安全领域的应用研究,重点阐述了空中颠簸和不稳定进近事件的时空分析;第7章为综合飞行风险分析。 |
| ● |
| 相关链接 |
|
|
|
正题名:飞行安全时空大数据理论与实践
索取号:V328/H876
 
预约/预借
| 序号 | 登录号 | 条形码 | 馆藏地/架位号 | 状态 | 备注 |
| 1 | 1637098 | 216370987 | 自科库501/501自科库 89排1列5层/ [索取号:V328/H876] | 在馆 | |
| 2 | 1637099 | 216370996 | 自科库501/501自科库 89排1列5层/ [索取号:V328/H876] | 在馆 | |
| 3 | 1637100 | 216371003 | 自科库501/501自科库 89排1列5层/ [索取号:V328/H876] | 在馆 |